La somme théologique de Saint Thomas (Record no. 166435)
[ view plain ]
| 000 -LEADER | |
|---|---|
| campo de control de longitud fija | 00981nam a2200205 i 4500 |
| 001 - NÚMERO DE CONTROL | |
| campo de control | 166435 |
| 003 - IDENTIFICADOR DE NÚMERO DE CONTROL | |
| campo de control | ES-MaACL |
| 005 - FECHA Y HORA DE LA ÚLTIMA TRANSACCIÓN | |
| campo de control | 20250805063307.0 |
| 008 - DATOS DE LONGITUD FIJA--INFORMACIÓN GENERAL | |
| campo de control de longitud fija | 940206m18531856fr |||| | fre d |
| 040 ## - FUENTE DE CATALOGACIÓN | |
| Centro catalogador/agencia de origen | CAM |
| Lengua de catalogación | spa |
| 100 0# - ENTRADA PRINCIPAL--NOMBRE DE PERSONA | |
| Nombre de persona | Tomás de Aquino, |
| Títulos y otros términos asociados al nombre | Santo |
| 9 (RLIN) | 110514 |
| 245 13 - MENCIÓN DEL TÍTULO | |
| Título | La somme théologique de Saint Thomas |
| Resto del título | : latin-françois en regard avec des notes theologiques, historiques et philogiques... ; avec un lexique pour tous les termes scolastiques... / |
| Mención de responsabilidad, etc. | par M. l'abbé Drioux,... |
| 260 ## - PUBLICACIÓN, DISTRIBUCIÓN, ETC. | |
| Lugar de publicación, distribución, etc. | Paris : |
| Nombre del editor, distribuidor, etc. | Eugene Belin, |
| Fecha de publicación, distribución, etc. | 1853-1855. |
| 300 ## - DESCRIPCIÓN FÍSICA | |
| Extensión | 9 .v. ; |
| Dimensiones | 22 cm. |
| 505 8# - NOTA DE CONTENIDO CON FORMATO | |
| Nota de contenido con formato | Contiene t.I, 1853 (XXXI, 579 p.), t.II, 1853 (666 p.), t.III, 1854 (747 p.), t.IV, 1854 (592 p.), t.V, 1854 (668 p.), t.VI, 1855 (656 p.), t.VII, 1855 (695 p.), t.VIII, 1855 (752 p.) y t.IX, 1855 (678 p.) |
| 650 #7 - PUNTO DE ACCESO ADICIONAL DE MATERIA--TÉRMINO DE MATERIA | |
| Término de materia o nombre geográfico como elemento de entrada | Teología |
| Fuente del encabezamiento o término | embne |
| 9 (RLIN) | 17457 |
| 700 1# - ENTRADA AGREGADA--NOMBRE PERSONAL | |
| Nombre de persona | Drioux, Claude-Joseph, |
| Fechas asociadas al nombre | 1820-1898 |
| 9 (RLIN) | 165241 |
| 852 ## - LOCALIZACIÓN | |
| Ubicación | ES-MaACL |
| Número de control de estantería | F-6874-82 |
| Nota libre | -- Enc. hol. |
| Estatus retirado | Estado de pérdida | Estado de daño | No para préstamo | Colección | Biblioteca de origen | Biblioteca actual | Ubicación en estantería | Fecha de adquisición | Total de préstamos | Signatura topográfica completa | Código de barras | Visto por última vez | Precio de reemplazo | Tipo de ítem Koha |
|---|---|---|---|---|---|---|---|---|---|---|---|---|---|---|
| Libros del s. XIX | Biblioteca del Ateneo de Madrid | Biblioteca del Ateneo de Madrid | Depósito 2 | 17/01/2008 | F-6874-82 | 1174556 | 23/02/2023 | 23/02/2023 | Libro impreso antiguo |
